[Event "SV Erkenschwick 1 - Klub Kölner SF 1"]
[Site "Oberliga NRW 2012/2013"]
[Date "2013.03.10"]
[Round "7.5"]
[White "Raasch, Joerg"]
[Black "Van Beek, Alexander"]
[Result "1/2-1/2"]
[WhiteElo "2238"]
[BlackElo "2261"]
[PlyCount "34"]
[EventDate "2013.??.??"]
[WhiteTeam "Klub Kölner SF 1"]
[BlackTeam "SV Erkenschwick 1"]

1. d4 d5 2. Nf3 Nf6 3. c4 e6 4. e3 b6 5. Bd3 dxc4 6. Bxc4 Bb7 7. O-O Nbd7 8. b3
Bd6 9. Bb2 O-O 10. Nbd2 c5 11. dxc5 Nxc5 12. b4 Nce4 13. Nxe4 Bxe4 14. Ng5 Bf5
15. e4 Bxh2+ 16. Kh1 Qc7 17. exf5 Qxc4 1/2-1/2

[Event "SV Erkenschwick 1 - Klub Kölner SF 1"]
[Site "Oberliga NRW 2012/2013"]
[Date "2013.03.10"]
[Round "7.6"]
[White "Homs, Guust"]
[Black "Huhndorf, Arnold"]
[Result "0-1"]
[WhiteElo "2159"]
[BlackElo "2257"]
[Annotator "Doe,John"]
[PlyCount "86"]
[EventDate "2013.??.??"]
[WhiteTeam "SV Erkenschwick 1"]
[BlackTeam "Klub Kölner SF 1"]

1. e4 e6 2. d4 d5 3. Nc3 Bb4 4. Nge2 Nc6 5. e5 f6 6. exf6 Nxf6 7. g3 e5 8. a3
Ba5 9. Bg2 exd4 10. Nxd4 Bg4 11. Nxc6 bxc6 12. f3 Bf5 13. O-O O-O 14. Be3 Bb6
15. Bf2 c5 16. Na4 c4 17. Nxb6 axb6 18. Re1 Qd7 19. Qd2 c5 20. c3 Rad8 21. Re5
Bh3 22. Bh1 Qd6 23. Ree1 d4 24. g4 d3 25. Bg3 Qd7 26. Rad1 Rfe8 27. Qf4 b5 28.
Bh4 $11 Rxe1+ 29. Bxe1 Qe6 30. Bd2 Nd5 31. Qg5 Qf6 32. Kf2 Qd6 33. Kg1 Re8 34.
Qh5 Re2 35. Qxh3 Nf4 36. Qh4 Qe5 37. Qd8+ Kf7 38. Qd7+ Kg8 39. Qc8+ Kf7 40.
Qf5+ Qxf5 41. gxf5 Nh3+ 42. Kf1 Rf2+ 43. Ke1 Rxh2 0-1

[Event "SV Erkenschwick 1 - Klub Kölner SF 1"]
[Site "Oberliga NRW 2012/2013"]
[Date "2013.03.10"]
[Round "7.7"]
[White "Bonnmann, Reinhard"]
[Black "Krings, Christoph"]
[Result "0-1"]
[WhiteElo "2210"]
[BlackElo "2128"]
[PlyCount "82"]
[EventDate "2013.??.??"]
[WhiteTeam "Klub Kölner SF 1"]
[BlackTeam "SV Erkenschwick 1"]

1. d4 e6 2. Nf3 f5 3. g3 Nf6 4. Bg2 Be7 5. O-O O-O 6. c4 d6 7. Nc3 a5 8. b3 c6
9. Bb2 d5 10. e3 Bd7 11. Ne2 Na6 12. Nf4 Nc7 13. Ne5 Be8 14. Nfd3 Bh5 15. f3
Nd7 16. Nxd7 Qxd7 17. Rc1 Bg5 18. Qd2 Ne8 19. a4 Qd8 20. Nc5 Qc8 21. Nd3 Qd8
22. Nc5 Qc8 23. Ba3 Nd6 24. Nd3 Qd8 25. Nf4 Bf7 26. Qe2 Be7 27. Bb2 Bf6 28. Nd3
dxc4 29. bxc4 b5 30. cxb5 cxb5 31. axb5 Nxb5 32. Ne5 Bxe5 33. dxe5 Qb6 34. Rb1
Rfd8 35. Rfc1 Be8 36. Ba3 Nc3 37. Rxc3 Qxb1+ 38. Rc1 Qb3 39. Bb2 Bb5 40. Qc2
Qxc2 41. Rxc2 Rac8 0-1

[Event "SV Erkenschwick 1 - Klub Kölner SF 1"]
[Site "Oberliga NRW 2012/2013"]
[Date "2013.03.10"]
[Round "7.8"]
[White "Eggenstein, Frank"]
[Black "Wisskirchen, Andreas"]
[Result "1/2-1/2"]
[WhiteElo "1989"]
[BlackElo "2188"]
[PlyCount "47"]
[EventDate "2013.??.??"]
[WhiteTeam "SV Erkenschwick 1"]
[BlackTeam "Klub Kölner SF 1"]

1. e4 c5 2. Nf3 d6 3. d4 cxd4 4. Nxd4 Nf6 5. Nc3 g6 6. Be3 Bg7 7. f3 O-O 8. Qd2
Nc6 9. O-O-O Nxd4 10. Bxd4 Be6 11. Kb1 Qc7 12. h4 Rfc8 13. h5 Qa5 14. a3 Rab8
15. hxg6 hxg6 16. Bxf6 Bxf6 17. Nd5 Qxd2 18. Nxf6+ Kg7 19. Nh5+ gxh5 20. Rxd2
Rh8 21. g3 Rh6 22. Rdh2 Rg6 23. Rxh5 Rxg3 24. f4 1/2-1/2

[Event "PSV Duisburg 1 - SV Mülheim-Nord 2"]
[Site "Oberliga NRW 2012/2013"]
[Date "2013.04.07"]
[Round "8.1"]
[White "Rezasade, Amir"]
[Black "Fleck, Juergen"]
[Result "1/2-1/2"]
[WhiteElo "2302"]
[BlackElo "2339"]
[PlyCount "24"]
[EventDate "2013.??.??"]
[WhiteTeam "SV Mülheim-Nord 2"]
[BlackTeam "PSV Duisburg 1"]

1. c4 e5 2. Nc3 Nf6 3. Nf3 Nc6 4. a3 g6 5. g3 Bg7 6. Bg2 O-O 7. O-O d6 8. d3
Nd4 9. Nd2 c6 10. e3 Ne6 11. Nf3 Rb8 12. e4 a6 1/2-1/2

[Event "PSV Duisburg 1 - SV Mülheim-Nord 2"]
[Site "Oberliga NRW 2012/2013"]
[Date "2013.04.07"]
[Round "8.2"]
[White "Wengenroth, Walter"]
[Black "Schoorl, Rob"]
[Result "0-1"]
[WhiteElo "2233"]
[BlackElo "2337"]
[PlyCount "54"]
[EventDate "2013.??.??"]
[WhiteTeam "PSV Duisburg 1"]
[BlackTeam "SV Mülheim-Nord 2"]

1. e4 e6 2. d4 d5 3. Nd2 Be7 4. Bd3 c5 5. dxc5 Nf6 6. exd5 Qxd5 7. Ngf3 Nbd7 8.
Qe2 Nxc5 9. Bc4 Qd8 10. Ne5 O-O 11. Ndf3 Nd5 12. O-O Nb6 13. Rd1 Qc7 14. Bf4
Nxc4 15. Qxc4 Qb6 16. b4 Na4 17. a3 Nb2 18. Qb3 Nxd1 19. Rxd1 Rd8 20. Re1 f6
21. Nc4 Qc6 22. Be3 Qd5 23. Nfd2 e5 24. f4 Be6 25. Na5 b6 26. Qxd5 Bxd5 27.
Nab3 Rac8 0-1

[Event "PSV Duisburg 1 - SV Mülheim-Nord 2"]
[Site "Oberliga NRW 2012/2013"]
[Date "2013.04.07"]
[Round "8.3"]
[White "Nachbar, Benjamin"]
[Black "Kistella, Roman"]
[Result "0-1"]
[WhiteElo "2127"]
[BlackElo "2253"]
[PlyCount "48"]
[EventDate "2013.??.??"]
[WhiteTeam "SV Mülheim-Nord 2"]
[BlackTeam "PSV Duisburg 1"]

1. c4 e6 2. b3 b6 3. Nc3 Bb7 4. e3 Nf6 5. Bb2 Be7 6. Nf3 O-O 7. Rg1 d5 8. g4
Nbd7 9. g5 Ne4 10. h4 Ndc5 11. Nxe4 Nxe4 12. Bd3 Nc5 13. Bxh7+ Kxh7 14. Ne5 g6
15. h5 dxc4 16. Qg4 Nd3+ 17. Nxd3 Qxd3 18. Qh3 Kg8 19. hxg6 fxg6 20. Qh6 Kf7
21. Rg4 Bf3 22. Rf4+ Ke8 23. Rxf3 Rxf3 24. Qg7 Rd8 0-1

[Event "PSV Duisburg 1 - SV Mülheim-Nord 2"]
[Site "Oberliga NRW 2012/2013"]
[Date "2013.04.07"]
[Round "8.4"]
[White "Schmitz, Joachim"]
[Black "Bus, Tom"]
[Result "0-1"]
[WhiteElo "2234"]
[BlackElo "2102"]
[PlyCount "154"]
[EventDate "2013.??.??"]
[WhiteTeam "PSV Duisburg 1"]
[BlackTeam "SV Mülheim-Nord 2"]

1. e4 c5 2. Nf3 Nc6 3. d4 cxd4 4. Nxd4 Nf6 5. Nc3 d6 6. g3 g6 7. Nde2 Bg7 8.
Bg2 O-O 9. O-O Bd7 10. h3 a6 11. a4 Rb8 12. Nd5 b5 13. axb5 axb5 14. Bg5 Nxd5
15. exd5 Ne5 16. Qc1 Re8 17. Rd1 Qc8 18. Kh2 Qc4 19. Qd2 Bxh3 20. Kxh3 Qg4+ 21.
Kh2 Nc4 22. Bh3 Qh5 23. g4 Nxd2 24. gxh5 Nf3+ 25. Kg2 Nxg5 26. hxg6 hxg6 27.
Bd7 Red8 28. Bc6 Bxb2 29. Rab1 Bf6 30. Bxb5 Ne4 31. Bc6 Kg7 32. f3 Nc5 33. c4
Rh8 34. Rb5 Rbc8 35. Rh1 Rxh1 36. Kxh1 Rh8+ 37. Kg2 Rh4 38. f4 g5 39. fxg5 Bxg5
40. Rb4 Nd3 41. Rb3 Rg4+ 42. Kh1 Nf2+ 43. Kh2 Rxc4 44. Kg2 Ne4 45. Ng3 Rc2+ 46.
Kg1 Nc3 47. Kh1 Kg6 48. Rb8 Bf4 49. Rg8+ Kh7 50. Rg4 Bxg3 51. Rxg3 Ne4 52. Re3
Re2 53. Rxe2 Ng3+ 54. Kg2 Nxe2 55. Kf3 Nd4+ 56. Ke4 Nb3 57. Kf5 Kg7 58. Bb7 Nc5
59. Bc6 e6+ 60. Kg5 Ne4+ 61. Kf4 Nf6 62. dxe6 fxe6 63. Ba4 Kf7 64. Bb3 Ke7 65.
Ba2 d5 66. Bb1 Kd6 67. Bc2 e5+ 68. Kf5 Nd7 69. Bb1 Nc5 70. Kg4 Ne6 71. Kf5 Nd4+
72. Kg4 Kc5 73. Ba2 Nc2 74. Kf5 Kd4 75. Ke6 Nb4 76. Bb3 e4 77. Kf5 e3 0-1

[Event "PSV Duisburg 1 - SV Mülheim-Nord 2"]
[Site "Oberliga NRW 2012/2013"]
[Date "2013.04.07"]
[Round "8.5"]
[White "Wittenberg, Andreas"]
[Black "Schiffer, Kai-Uwe"]
[Result "1-0"]
[WhiteElo "2107"]
[BlackElo "2232"]
[PlyCount "77"]
[EventDate "2013.??.??"]
[WhiteTeam "SV Mülheim-Nord 2"]
[BlackTeam "PSV Duisburg 1"]

1. d4 Nf6 2. Nf3 d6 3. c4 g6 4. g3 Bg7 5. Bg2 O-O 6. b3 e5 7. dxe5 dxe5 8. Qxd8
Rxd8 9. Bb2 e4 10. Nfd2 Bf5 11. Nc3 Re8 12. h3 h5 13. Nf1 g5 14. Ne3 Bg6 15.
O-O-O Na6 16. a3 c6 17. Rd6 Nc5 18. b4 Ne6 19. Na4 Rad8 20. Rhd1 Rxd6 21. Rxd6
Re7 22. c5 Ne8 23. Bxg7 Kxg7 24. Rd2 f5 25. Nc4 h4 26. Nc3 Kf6 27. e3 Bf7 28.
Bf1 Nf8 29. Rd8 Bxc4 30. Bxc4 hxg3 31. fxg3 Ng6 32. Bf1 Ng7 33. b5 Ne6 34. Rd6
Ne5 35. bxc6 bxc6 36. g4 Rd7 37. gxf5 Kxf5 38. Nxe4 Nxc5 39. Ng3# 1-0

[Event "PSV Duisburg 1 - SV Mülheim-Nord 2"]
[Site "Oberliga NRW 2012/2013"]
[Date "2013.04.07"]
[Round "8.6"]
[White "Heisel, Guido"]
[Black "Krueger, Andre"]
[Result "0-1"]
[WhiteElo "2161"]
[BlackElo "2053"]
[PlyCount "112"]
[EventDate "2013.??.??"]
[WhiteTeam "PSV Duisburg 1"]
[BlackTeam "SV Mülheim-Nord 2"]

1. d4 Nf6 2. Bg5 d5 3. e3 c6 4. Nd2 Bf5 5. Bd3 Bxd3 6. cxd3 Nbd7 7. Ngf3 e6 8.
Ne5 Be7 9. f4 Nxe5 10. dxe5 Nd7 11. Bxe7 Qxe7 12. O-O O-O 13. e4 f6 14. exf6
Rxf6 15. e5 Rf7 16. d4 Qb4 17. Nb3 a5 18. a3 Qb6 19. Qc2 Raf8 20. Nc5 Nxc5 21.
dxc5 Qb5 22. g3 g5 23. Rf3 gxf4 24. Raf1 b6 25. cxb6 Qxb6+ 26. Kg2 Qd4 27. gxf4
Rxf4 28. Rxf4 Rxf4 29. Rxf4 Qxf4 30. Qxc6 Qxe5 31. Qa8+ Kf7 32. Qxa5 Qxb2+ 33.
Kg3 Qe5+ 34. Kg2 Qe4+ 35. Kg3 d4 36. Qc7+ Kg6 37. Qe7 Qe3+ 38. Kg2 Qe2+ 39. Kg3
d3 40. h4 h6 41. Qe8+ Kf5 42. Qf8+ Ke4 43. Qb4+ Kd5 44. Qb5+ Kd6 45. Qb6+ Kd7
46. Qb7+ Kd6 47. Qb6+ Ke5 48. Qc5+ Ke4 49. Qc4+ Kf5 50. Qf4+ Kg6 51. Qb8 Qe3+
52. Kg2 d2 53. Qb1+ Kh5 54. Qd1+ Kxh4 55. Kf1 Kg3 56. Qe2 d1=Q+ 0-1

[Event "PSV Duisburg 1 - SV Mülheim-Nord 2"]
[Site "Oberliga NRW 2012/2013"]
[Date "2013.04.07"]
[Round "8.7"]
[White "Rudolph, Anna"]
[Black "Montignies, Rainer"]
[Result "0-1"]
[WhiteElo "2196"]
[BlackElo "2251"]
[PlyCount "68"]
[EventDate "2013.??.??"]
[WhiteTeam "SV Mülheim-Nord 2"]
[BlackTeam "PSV Duisburg 1"]

1. e4 e6 2. d4 d5 3. Nc3 Nc6 4. Nf3 Nf6 5. e5 Ne4 6. Bd3 Bb4 7. Bd2 Nxd2 8.
Qxd2 O-O 9. a3 Ba5 10. b4 Bb6 11. Ne2 f6 12. exf6 Qxf6 13. b5 Nxd4 14. Nexd4 e5
15. Nb3 e4 16. Be2 exf3 17. Bxf3 Qe5+ 18. Kd1 c6 19. Re1 Qf6 20. Kc1 Bf5 21.
Kb1 a6 22. bxc6 bxc6 23. Ka2 Rab8 24. Rab1 Kh8 25. Re2 a5 26. Rd1 d4 27. Nxd4
Rbd8 28. Nxf5 Rxd2 29. Rdxd2 Qxf5 30. Bxc6 Qc5 31. Bd5 Bd8 32. f3 Bf6 33. c4
Rb8 34. Rd1 Qb6 0-1

[Event "PSV Duisburg 1 - SV Mülheim-Nord 2"]
[Site "Oberliga NRW 2012/2013"]
[Date "2013.04.07"]
[Round "8.8"]
[White "Maslak, Sulejman"]
[Black "Limbourg, Philipp"]
[Result "1-0"]
[WhiteElo "2226"]
[BlackElo "2042"]
[Annotator "Doe,John"]
[PlyCount "115"]
[EventDate "2013.??.??"]
[WhiteTeam "PSV Duisburg 1"]
[BlackTeam "SV Mülheim-Nord 2"]

1. c4 e6 2. Nc3 f5 3. d4 Bb4 4. g3 Nf6 5. Bg2 O-O 6. e3 Bxc3+ 7. bxc3 c5 8. Ne2
Qc7 9. Ba3 d6 10. O-O Nbd7 11. Qb3 Ne4 12. Rfd1 b6 13. Nf4 Re8 14. f3 Nef6 15.
e4 fxe4 16. fxe4 Bb7 17. d5 e5 18. Ne6 Qb8 19. Qc2 Nf8 20. Ng5 Qd8 21. Bc1 h6
22. Nf3 Ng6 23. Qe2 Bc8 24. h3 Rf8 25. Kh2 Bd7 26. a4 a5 27. Rd2 Ne7 28. Rb2
Nc8 29. Nh4 Qe8 30. Qd1 Ra7 31. g4 g5 32. Nf5 Bxf5 $11 33. gxf5 Qh5 34. Qxh5
Nxh5 35. h4 Rg7 36. hxg5 hxg5 37. Be3 Kf7 38. Rh1 Rh8 39. Kg1 Kg8 40. Bf3 Nf4
41. Rxh8+ Kxh8 42. f6 Rc7 43. Bg4 Kg8 44. Be6+ Kh7 45. Bxf4 exf4 46. Rg2 Kg6
47. f7 Rxf7 48. Bxf7+ Kxf7 49. Rxg5 Ne7 50. e5 dxe5 51. Rxe5 Ng6 52. Re4 Ne7
53. Rxf4+ Kg6 54. d6 Nc6 55. d7 Kg7 56. Kf2 Nd8 57. Re4 Kf7 58. Re8 1-0

[Event "Klub Kölner SF 1 - SF Katernberg 2"]
[Site "Oberliga NRW 2012/2013"]
[Date "2013.04.07"]
[Round "8.1"]
[White "Rosen, Bernd"]
[Black "Seul, Georg"]
[Result "1-0"]
[WhiteElo "2247"]
[BlackElo "2373"]
[PlyCount "57"]
[EventDate "2013.??.??"]
[WhiteTeam "SF Katernberg 2"]
[BlackTeam "Klub Kölner SF 1"]

1. c4 e5 2. g3 d6 3. Bg2 f5 4. Nc3 Nf6 5. d3 Be7 6. e4 c6 7. Nge2 O-O 8. O-O
Qe8 9. f3 Be6 10. b3 Nbd7 11. Be3 Qh5 12. exf5 Bxf5 13. Qd2 Be6 14. d4 Kh8 15.
d5 Bg8 16. g4 Qe8 17. h3 cxd5 18. cxd5 Bd8 19. f4 Bb6 20. f5 Bxe3+ 21. Qxe3 Nb6
22. Qd3 e4 23. Nxe4 Nxe4 24. Bxe4 Bxd5 25. Bxd5 Nxd5 26. Qxd5 Qxe2 27. Rae1
Qxa2 28. Re7 Rae8 29. Qf7 1-0

[Event "Klub Kölner SF 1 - SF Katernberg 2"]
[Site "Oberliga NRW 2012/2013"]
[Date "2013.04.07"]
[Round "8.2"]
[White "Tugui, Adrian"]
[Black "Villwock, Martin"]
[Result "1-0"]
[WhiteElo "2354"]
[BlackElo "2143"]
[PlyCount "69"]
[EventDate "2013.??.??"]
[WhiteTeam "Klub Kölner SF 1"]
[BlackTeam "SF Katernberg 2"]

1. d4 Nf6 2. Bg5 c5 3. d5 Ne4 4. Bf4 Qb6 5. Bc1 g6 6. f3 Nf6 7. e4 d6 8. c4 Bg7
9. Nc3 O-O 10. Nge2 e6 11. Ng3 exd5 12. cxd5 Nbd7 13. Be2 Ne5 14. f4 Ned7 15.
O-O Re8 16. Kh1 a6 17. a4 h5 18. a5 Qc7 19. e5 dxe5 20. f5 e4 21. Bf4 Ne5 22.
fxg6 fxg6 23. Ncxe4 Nxe4 24. Nxe4 Bf5 25. Ng3 Rf8 26. d6 Qc6 27. Bxe5 Bxe5 28.
Nxf5 gxf5 29. Bc4+ Kg7 30. Qxh5 Qxd6 31. Qg5+ Kh7 32. Ra3 Rf6 33. Rh3+ Rh6 34.
Rxh6+ Qxh6 35. Qxf5+ 1-0

[Event "Klub Kölner SF 1 - SF Katernberg 2"]
[Site "Oberliga NRW 2012/2013"]
[Date "2013.04.07"]
[Round "8.3"]
[White "Rosen, Willy"]
[Black "Morawietz, Dieter"]
[Result "1/2-1/2"]
[WhiteElo "2168"]
[BlackElo "2332"]
[PlyCount "122"]
[EventDate "2013.??.??"]
[WhiteTeam "SF Katernberg 2"]
[BlackTeam "Klub Kölner SF 1"]

1. e4 c5 2. Nf3 e6 3. d4 cxd4 4. Nxd4 Nf6 5. Nc3 d6 6. g4 e5 7. Nf5 Nc6 8. Bg2
g6 9. Ne3 Be6 10. O-O Be7 11. Ncd5 O-O 12. a4 Qd7 13. h3 Rac8 14. b3 Ne8 15.
Bb2 Bg5 16. a5 Qd8 17. a6 b5 18. c4 bxc4 19. Nxc4 Ne7 20. Qd3 Nxd5 21. exd5 Bd7
22. Na5 Qb6 23. Nc6 f5 24. Ra4 fxg4 25. hxg4 Rf7 26. Rb4 Rxc6 27. Rxb6 Rxb6 28.
Ra1 Bxg4 29. Bc1 Bxc1 30. Rxc1 Bd7 31. Bh3 Bxh3 32. Qxh3 Kg7 33. Qc8 Re7 34.
Rc3 e4 35. Qc4 Kf7 36. Re3 Nf6 37. f3 Nd7 38. fxe4 Ne5 39. Qf1+ Kg7 40. Rc3 Rf7
41. Qe2 h6 42. Kg2 g5 43. Kg3 Kg6 44. Kg2 g4 45. Rc6 Nxc6 46. dxc6 Rxc6 47.
Qxg4+ Kh7 48. Qe6 Rc2+ 49. Kg3 Rcf2 50. Qxd6 R2f6 51. Qd3 Rg6+ 52. Kh3 Re7 53.
b4 Rge6 54. Kg3 Rg6+ 55. Kh3 Re5 56. Qf3 Rg7 57. Qe2 Rge7 58. b5 Rxe4 59. Qc2
Kg7 60. b6 axb6 61. Qb2+ Kg6 1/2-1/2

[Event "Klub Kölner SF 1 - SF Katernberg 2"]
[Site "Oberliga NRW 2012/2013"]
[Date "2013.04.07"]
[Round "8.4"]
[White "Eichhorn, Andreas"]
[Black "Gassmann, Volker"]
[Result "1-0"]
[WhiteElo "2289"]
[BlackElo "2166"]
[PlyCount "97"]
[EventDate "2013.??.??"]
[WhiteTeam "Klub Kölner SF 1"]
[BlackTeam "SF Katernberg 2"]

1. c4 Nf6 2. Nc3 e6 3. e4 d5 4. e5 Ne4 5. Nf3 Be7 6. d4 b6 7. Qa4+ Kf8 8. Bd3
Bb7 9. Be3 Nxc3 10. bxc3 dxc4 11. Bxc4 Be4 12. O-O c6 13. Be2 b5 14. Qb3 Nd7
15. a4 a6 16. Nd2 Bd5 17. Qc2 h6 18. c4 bxc4 19. a5 g6 20. Nxc4 Kg7 21. Rfb1
Ra7 22. Nb6 Nb8 23. Rb2 Bg5 24. Rab1 Rb7 25. Bd3 Be7 26. Qe2 Ba3 27. Rc2 Qe7
28. Qd2 Qf8 29. h4 Qe7 30. Qc3 Rd8 31. g3 Rh8 32. Bd2 Qf8 33. Ra1 Be7 34. Rb2
Qd8 35. Rab1 Rg8 36. Nxd5 Rxb2 37. Rxb2 Qxd5 38. Rb7 Rc8 39. Bc4 Qd8 40. Qe3 g5
41. hxg5 hxg5 42. Bxe6 fxe6 43. Qxg5+ Kh8 44. Qh6+ Kg8 45. Qg6+ Kh8 46. Qh6+
Kg8 47. Qxe6+ Kh8 48. Qh6+ Kg8 49. Bg5 1-0

[Event "Klub Kölner SF 1 - SF Katernberg 2"]
[Site "Oberliga NRW 2012/2013"]
[Date "2013.04.07"]
[Round "8.5"]
[White "Wessendorf, Thomas"]
[Black "Helbig, Mark"]
[Result "0-1"]
[WhiteElo "2206"]
[BlackElo "2256"]
[PlyCount "86"]
[EventDate "2013.??.??"]
[WhiteTeam "SF Katernberg 2"]
[BlackTeam "Klub Kölner SF 1"]

1. e4 c6 2. d4 d5 3. Nd2 dxe4 4. Nxe4 Bf5 5. Ng3 Bg6 6. h4 h6 7. Nf3 Nd7 8. h5
Bh7 9. Bd3 Bxd3 10. Qxd3 e6 11. Bf4 Qa5+ 12. Bd2 Bb4 13. c3 Be7 14. c4 Qc7 15.
O-O-O Ngf6 16. Kb1 Rd8 17. Qe2 O-O 18. Bc3 Rfe8 19. Ne5 b5 20. f4 bxc4 21. Qxc4
Bd6 22. Rhe1 Nd5 23. Bd2 Rb8 24. Ne4 Qb7 25. b3 Nxe5 26. dxe5 Bf8 27. Rc1 Rec8
28. g4 c5 29. Ka1 Nb6 30. Qe2 c4 31. b4 a5 32. Rb1 c3 33. Bxc3 Nd5 34. Bd4 Nxb4
35. Nc3 Qf3 36. Rb3 Qxf4 37. Qe4 Qg3 38. Re2 a4 39. Nxa4 Rc1+ 40. Rb1 Nc2+ 41.
Qxc2 Rbxb1+ 42. Qxb1 Rxb1+ 43. Kxb1 Qd3+ 0-1

[Event "Klub Kölner SF 1 - SF Katernberg 2"]
[Site "Oberliga NRW 2012/2013"]
[Date "2013.04.07"]
[Round "8.6"]
[White "Huhndorf, Arnold"]
[Black "Valkyser, Martin"]
[Result "1-0"]
[WhiteElo "2257"]
[BlackElo "2173"]
[PlyCount "63"]
[EventDate "2013.??.??"]
[WhiteTeam "Klub Kölner SF 1"]
[BlackTeam "SF Katernberg 2"]

1. Nf3 c5 2. c4 Nf6 3. Nc3 d6 4. d4 cxd4 5. Nxd4 b6 6. e4 Bb7 7. Bd3 Nbd7 8.
O-O e6 9. Qe2 Be7 10. f4 Qc7 11. f5 e5 12. Ndb5 Qd8 13. Nd5 Nxd5 14. exd5 a6
15. Nc3 Bg5 16. Ne4 Be7 17. Qg4 Bf8 18. Bg5 f6 19. Qh5+ Ke7 20. Be3 Nc5 21.
Bxc5 bxc5 22. Bc2 Qe8 23. Qd1 Bc8 24. b4 cxb4 25. c5 dxc5 26. d6+ Kd8 27. Ba4
Bd7 28. Qd5 Rc8 29. Nxc5 Bxa4 30. Ne6+ Kd7 31. Qb7+ Kxd6 32. Rfd1+ 1-0

[Event "Klub Kölner SF 1 - SF Katernberg 2"]
[Site "Oberliga NRW 2012/2013"]
[Date "2013.04.07"]
[Round "8.7"]
[White "Imcke, Patrick"]
[Black "Bonnmann, Reinhard"]
[Result "0-1"]
[WhiteElo "1989"]
[BlackElo "2210"]
[PlyCount "52"]
[EventDate "2013.??.??"]
[WhiteTeam "SF Katernberg 2"]
[BlackTeam "Klub Kölner SF 1"]

1. e4 c5 2. Nf3 Nc6 3. Nc3 Nf6 4. d4 cxd4 5. Nxd4 e5 6. Ndb5 d6 7. Bg5 a6 8.
Na3 b5 9. Nd5 Be7 10. Bxf6 Bxf6 11. c4 b4 12. Nc2 O-O 13. Ncxb4 Nxb4 14. Nxb4
Qb6 15. Qd2 Rb8 16. Nd3 Qd4 17. f3 Qxc4 18. Nxe5 Qc5 19. Nd3 Qd4 20. Qf2 d5 21.
e5 Bxe5 22. Qxd4 Bxd4 23. O-O-O Bf5 24. b3 Rbc8+ 25. Kd2 Rfe8 26. Be2 Bc3+ 0-1

[Event "Klub Kölner SF 1 - SF Katernberg 2"]
[Site "Oberliga NRW 2012/2013"]
[Date "2013.04.07"]
[Round "8.8"]
[White "Wisskirchen, Andreas"]
[Black "Armbruester, Juergen"]
[Result "1/2-1/2"]
[WhiteElo "2188"]
[BlackElo "1872"]
[PlyCount "38"]
[EventDate "2013.??.??"]
[WhiteTeam "Klub Kölner SF 1"]
[BlackTeam "SF Katernberg 2"]

1. d4 Nf6 2. Nf3 g6 3. c4 Bg7 4. Nc3 d5 5. Bf4 c6 6. e3 Nbd7 7. h3 Qa5 8. Qd2
O-O 9. Be2 dxc4 10. Bxc4 Nb6 11. Bb3 Nbd5 12. Nxd5 Qxd2+ 13. Kxd2 Nxd5 14. Bxd5
cxd5 15. Rhc1 Bd7 16. Rc7 Bc6 17. Ne5 Bxe5 18. Bxe5 f6 19. Bg3 Rfe8 1/2-1/2

[Event "Düsseldorfer SK 1 - SV Wattenscheid 2"]
[Site "Oberliga NRW 2012/2013"]
[Date "2013.04.07"]
[Round "8.1"]
[White "Henrichs, Thomas"]
[Black "Stark, Lars"]
[Result "1/2-1/2"]
[WhiteElo "2495"]
[BlackElo "2417"]
[PlyCount "24"]
[EventDate "2013.??.??"]
[WhiteTeam "SV Wattenscheid 2"]
[BlackTeam "Düsseldorfer SK 1"]

1. d4 e6 2. Nf3 Nf6 3. c4 b6 4. Nc3 Bb4 5. Bg5 h6 6. Bh4 Bb7 7. Nd2 Nc6 8. a3
Bxc3 9. bxc3 g5 10. Bg3 d6 11. e3 Qe7 12. Qa4 O-O-O 1/2-1/2

[Event "Düsseldorfer SK 1 - SV Wattenscheid 2"]
[Site "Oberliga NRW 2012/2013"]
[Date "2013.04.07"]
[Round "8.2"]
[White "Schuh, Dirk"]
[Black "Mladenov, Svetlin"]
[Result "0-1"]
[WhiteElo "2362"]
[BlackElo "2405"]
[PlyCount "190"]
[EventDate "2013.??.??"]
[WhiteTeam "Düsseldorfer SK 1"]
[BlackTeam "SV Wattenscheid 2"]

1. e4 c5 2. c3 d5 3. exd5 Qxd5 4. Nf3 Nf6 5. d4 e6 6. Be3 cxd4 7. cxd4 Nc6 8.
a3 g6 9. Nc3 Qd6 10. Bc4 Bg7 11. O-O O-O 12. Qe2 Bd7 13. Nb5 Qb8 14. g3 a6 15.
Bf4 Qd8 16. Nc3 Rc8 17. Rad1 Ne7 18. Ne5 Ned5 19. Nxd5 exd5 20. Bd3 Be6 21.
Rfe1 Qb6 22. Bb1 Rfe8 23. Be3 Qb3 24. Rd3 Qb5 25. Rd2 Qxe2 26. Rdxe2 Ng4 27.
Nf3 Nxe3 28. fxe3 h6 29. Kf2 f5 30. Rc2 Rxc2+ 31. Bxc2 Rc8 32. Bb3 Kf7 33. Ng1
Rc6 34. Rd1 Rb6 35. Rd3 Ke7 36. Ne2 g5 37. Ke1 a5 38. Kd1 a4 39. Bxa4 Rxb2 40.
Rb3 Rxb3 41. Bxb3 Kd6 42. Kd2 Kc6 43. Kc3 Bf8 44. Kb2 Bd6 45. Ba4+ Kb6 46. Bb3
Be7 47. Nc3 Kc6 48. Na2 Kd6 49. Nb4 Bd8 50. Ba2 Bb6 51. Kc3 h5 52. Bb3 Ba5 53.
Kb2 h4 54. gxh4 gxh4 55. Ba2 Bf7 56. Bb3 Be6 57. Ba2 Bg8 58. Bb3 Bf7 59. Ba2
Bc7 60. Nd3 Bh5 61. Nf4 Bf3 62. Ng6 Be4 63. Bb1 Ke6 64. Nxh4 Bxh2 65. Bc2 Kf6
66. Bd1 Bg1 67. Nf3 Bxe3 68. Kc3 Ke6 69. a4 Kd6 70. Be2 b6 71. Bd1 Bh6 72. Kb4
Kc6 73. Be2 Bf8+ 74. Kc3 Bd6 75. Nd2 Be7 76. Nf3 f4 77. Ne5+ Kc7 78. Nf3 Kd6
79. Nd2 Bf5 80. Bf3 Bh4 81. Nb3 Be1+ 82. Kb2 Be4 83. Be2 f3 84. Bf1 Ke6 85. Nc1
Kf5 86. Nd3 Bxd3 87. Bxd3+ Kf4 88. Kc2 Kg3 89. Kd1 f2 90. Bf1 Kh2 91. Ke2 Kg1
92. Bh3 Bc3 93. Kd3 Ba1 94. Ke2 Bxd4 95. Kd3 Bc5 0-1

[Event "Düsseldorfer SK 1 - SV Wattenscheid 2"]
[Site "Oberliga NRW 2012/2013"]
[Date "2013.04.07"]
[Round "8.3"]
[White "Tereick, Benjamin"]
[Black "de Gleria, Francesco"]
[Result "1-0"]
[WhiteElo "2382"]
[BlackElo "2335"]
[PlyCount "103"]
[EventDate "2013.??.??"]
[WhiteTeam "SV Wattenscheid 2"]
[BlackTeam "Düsseldorfer SK 1"]

1. c4 Nf6 2. Nc3 g6 3. e4 d6 4. d4 Bg7 5. h3 O-O 6. Bg5 c5 7. d5 Qa5 8. Bd2 e6
9. Bd3 Re8 10. Nge2 Nbd7 11. f4 exd5 12. exd5 b5 13. Nxb5 Qb6 14. Qc2 Nf8 15.
g4 Rb8 16. O-O-O Ba6 17. Nbc3 Nxd5 18. Nxd5 Bxb2+ 19. Kb1 Qc6 20. Qxb2 Qxd5 21.
cxd5 Bxd3+ 22. Ka1 Rxb2 23. Kxb2 Bxe2 24. Rb1 Bd3 25. Rbe1 Be4 26. Ka1 Nd7 27.
Re3 Nb6 28. Rhe1 f5 29. gxf5 gxf5 30. Rg3+ Kf7 31. Reg1 Nxd5 32. Rg7+ Ke6 33.
Rxh7 Nb6 34. Bc3 Nc4 35. Rxa7 Rb8 36. Ra6 Ne3 37. Rxd6+ Ke7 38. Rg7+ Kxd6 39.
Be5+ Kd5 40. Bxb8 Kd4 41. Kb2 Kd3 42. Rd7+ Nd5 43. h4 Ke3 44. Rg7 c4 45. h5 c3+
46. Kc1 c2 47. h6 Nb4 48. Rc7 Nd3+ 49. Kxc2 Nxf4+ 50. Kb2 Ng6 51. Rg7 f4 52. h7
1-0

[Event "Düsseldorfer SK 1 - SV Wattenscheid 2"]
[Site "Oberliga NRW 2012/2013"]
[Date "2013.04.07"]
[Round "8.4"]
[White "Borngaesser, Rene"]
[Black "Franke, Johannes"]
[Result "1/2-1/2"]
[WhiteElo "2288"]
[BlackElo "2309"]
[PlyCount "55"]
[EventDate "2013.??.??"]
[WhiteTeam "Düsseldorfer SK 1"]
[BlackTeam "SV Wattenscheid 2"]

1. e4 c6 2. Nc3 d5 3. Nf3 dxe4 4. Nxe4 Nf6 5. Nxf6+ gxf6 6. d4 Bf5 7. c3 e6 8.
g3 Qd5 9. Bg2 Qe4+ 10. Be3 Qc2 11. Qxc2 Bxc2 12. Nd2 Nd7 13. Rc1 Bd3 14. c4
O-O-O 15. Be4 Bxe4 16. Nxe4 Rg8 17. Ke2 Be7 18. Rhd1 f5 19. Nd2 Bg5 20. f4 Bf6
21. Nf3 Nb6 22. b3 Kb8 23. a4 Nc8 24. Rd3 Nd6 25. Rcd1 Ne4 26. Nd2 h5 27. Kf3
h4 28. Nxe4 1/2-1/2